000 00474cam a22001934a 4500
005 20250605164324.0
008 250528s ||||||||||||||||||||||||d
035 _a22964
020 _a9780201309584
040 _aGR-AtMCL
_bgre
_dGR-AtMCL
_eAACR2
245 1 _aSoftware Project Management
250 _a1
260 _bAddison-Wesley Publishing Company,
_c1998
300 _a406
700 1 _aRoyce Walker
_98571
942 _cBK
999 _c8006
_d8006